|
|
|
|
| LEADER |
00000nab a2200000uu 4500 |
| 001 |
vtls010879699 |
| 003 |
SK-MaSNL |
| 005 |
20260303163505.0 |
| 008 |
230303|1952 xo |||||||||||||||||slo| |
| 015 |
|
|
|a SNBRB
|
| 035 |
|
|
|a (urnnbn)urn:nbn:sk:snk:ar-005wa3
|
| 035 |
|
|
|a (uuid)27e3bf91-94c6-463e-b23e-491e968667d0
|
| 035 |
|
|
|a urn:nbn:sk:snk-ab7nlj
|
| 040 |
|
|
|a SNKBUCL
|b slo
|c SNKBUCL
|e AACR2
|
| 041 |
0 |
|
|a slo
|
| 044 |
|
|
|a xo
|c SK
|
| 100 |
1 |
|
|a Koleda, A.
|4 aut
|9 590222
|
| 245 |
1 |
0 |
|a VPLYV VÝŽIVY NA PRODUKCIU KYSELINY MLIEČNEJ Z MELASY MIKROORGANIZMOM LACTOBACILLUS DELBRÜCKII (II)
|c A. Koleda, D. Haľama, G. Ruttkay, J. Jakab, J. Zelinka, M. Gärtner
|
| 700 |
1 |
|
|a Haľama, Dušan,
|d 1927-
|4 aut
|9 224816
|
| 700 |
1 |
|
|a Ruttkay, G.
|4 aut
|9 1188152
|
| 700 |
1 |
|
|a Jakab, J.
|4 aut
|9 779630
|
| 700 |
1 |
|
|a Zelinka, Ján,
|d 1922-2009
|4 aut
|9 198056
|
| 700 |
1 |
|
|a Gärtner, M.
|4 aut
|9 1186763
|
| 773 |
0 |
|
|t Chemické zvesti
|g Roč. 6, č. 9-10 (1952), s. 511-514
|
| 958 |
|
|
|a OND
|
| 958 |
|
|
|a EUIPO
|
| 958 |
|
|
|a article8
|
| 999 |
|
|
|c 2059988
|d 2061918
|